00353nam a22000977a 4500008004100000010001500041245010100056260000900157500004900166500004000215110623t xxu||||| |||| 00| 0 eng d aHCMA F-102 aHigh Court Miscellaneous Application. No. 947 of 1999.Sudhir Ruparrela vs G.Magezi and another  c1999 aBefore:The Hon.Justice Richard O.Okumu wengi aOriginal Civil Suit No.1076 of 1996